000 00208 a2200097 4500
001 2017
100 _aHadekel,R
245 _aHydraulic Systems and Equipment
260 _a
_bCambridge
_c
090 _c1492
_d1492
942 _aNUST-CAE
_cM
_c5469
999 _c237090
_d237090